000 00543nam a2200157 i 4500
001 34203
003 ES-MaACL
005 20230906154907.0
007 t|
008 030204s1910 sp ||||1| spa d
100 1 _aBlanco y Sánchez, Rufino.
_929311
245 1 0 _aPedagogía española
_b: Quintana : sus ideas pedagógicas, su política y su significación filosófica /
_cRufino Blanco y Sánchez.
260 _aMadrid :
_b[s.n.,
_c1910] (
_fTipografía de la Revista de Archivos)
300 _a142 p. ;
_c18 cm.
852 _aES-MaACL
_jF-9834
999 _c34203
_d34203